000 00406nam a2200169Ia 4500
008 230917s9999||||xx |||||||||||||| ||und||
020 _cDM148
040 _e19106
_aMAIN
041 _aEnglish
082 _a515.7 C769C
100 _aConway, John B
245 0 _aCourse in functional analysis
250 _a2nd ed.
260 _aNew York
_bSpringer-Verlag
_c1990
300 _axvi, 399 p.
942 _cBK
999 _c64736
_d64736